000 00444nam a2200157 i 4500
001 104467
003 ES-MaACL
005 20230906183618.0
007 t|
008 051130s1965 sp ||||1| spa d
100 1 _aMillares Carlo, Juan.
_981178
245 1 0 _aHacia la luz
_b: poemas /
_cJuan Millares Carlo.
260 _aLas Palmas :
_b[s.n.],
_c1965 (
_fImp. Lezcano)
300 _a86 p. ;
_c18 cm.
852 _aES-MaACL
_jC-27115
_bR.56024
999 _c104467
_d104467